000 00762nam a2200205Ia 4500
999 _c54808
_d54808
003 GCL
005 20240530105317.0
008 140319s9999 xx 000 0 ara d
020 _a6749235977
040 _aGCL /
_cGCL
082 0 4 _a921.1
_bم ش
110 0 _aالمجلس الاعلى للثقافة
245 1 0 _aالشيخ الاكبر مصطفى عبدالرزاق :
_bمفكرا واديبا ومصلحا /
_cالمجلس الاعلى للثقافة ؛ تقديم عاطف العراقى
260 _aالقاهرة :
_bالمجلس الاعلى للثقافة ،
_c1982
300 _a210 ص ؛
_c24 سم
650 0 4 _aالاسلام
650 0 4 _aالفلاسفة المسلمون
650 0 4 _aمصطفى عبدالرازق
942 _2ddc
_cBK